| 000 | 00914nam a2200253Ia 4500 | ||
|---|---|---|---|
| 003 | OSt | ||
| 005 | 20220923211537.0 | ||
| 006 | a|||||r|||| 00| 0 | ||
| 007 | ta | ||
| 008 | 220922b |||||||| |||| 00| 0 pan d | ||
| 020 |
_a9789382839057 (hbk) _c295 |
||
| 024 | _a349,303 | ||
| 037 |
_b1041, 02/02/2019, H.K. Prakashan _cTextual |
||
| 040 |
_aARTS _cARTS _bpan |
||
| 041 |
_2pan _apan |
||
| 082 | _aMY4, 153Q8 | ||
| 100 | _aਕੌਰ, ਸਵਰਨਜੀਤ, ਂਚ. | ||
| 245 | 0 |
_aਪੰਜਾਬੀ ਬੁਝਾਰਤਾਂ _b ਸੰਕਲਨ ਅਤੇ ਵਿFਾਗਤ ਅਧਿਐਨ |
|
| 260 |
_aਚੰਡੀਗੜ੍ਹ _b ਲੋਕਗੀਤ ਪ੍ਰਕਾFਨ _c2018 |
||
| 300 |
_a134ਪ੍ਰ0 _ccm. |
||
| 650 | _aੁਬੁਝਾਰਤਾਂ | ||
| 942 |
_hMY4, 153Q8 _cTEXL _2CC |
||
| 999 |
_c300627 _d300627 |
||